00874nam a22001577a 4500008004100000020001500041050001400056100001600070245013100086260003100217300002300248500001900271505030500290650005200595650006900647120918t xxu||||| |||| 00| 0 eng d a0415081807 aHC800.T37 aTarp, Finn. aStabilization and structural adjustment: Macroeconomic frameworks for analysing the crisis in sub-saharan Africa. /cFinn Tarp aLondon:bRoutledge.c1993. axvi, 212 p:c20cm. aIncludes index aContents: Introduction -- Macroeconomics of Africa -- Macroeconomic consistency and adjustment policies -- Financial programming and stabilization -- Growth programming and adjustment -- Growth-oriented adjustment - an IMF/world bank synthesis -- Alternative approach and perspectives -- Conclusions. aEconomic stabilization -- Africa, Sub-Saharan.  aStructural adjustment (Economic policy) -- Africa, Sub-Saharan.